000 00715cam6a220024100 4500
001 lce00717741
008 730220s1973 nyu b 001 0 eng
010 _a 70189911
020 _c
_7.50
035 _a(Sirsi) r109312
035 _a(DLC) 70189911
035 _a(UPRA)lce00717741
050 0 _aJA76
_b.J36
082 _a301.5/92
100 1 _aJaros, Dean.
_6A68476.1
245 1 0 _aSocialization to politics.
260 _aNew York,
_bPraeger
_c[1973]
490 0 _aBasic concepts in political science
_6S10878.1
504 _aIncludes bibliographical references.
650 0 _aPolitical socialization.
_6S31951.1
949 _aJA76
_wlcc
_i33729001753289
_mMAIN
_p2500
_tBOOK
_lON-SHELF
004 109312
999 _c181022
_d181022